Les douze apôtres de Jésus - Statistiques

Statistiques générales
  • Ce quiz a été pris 75 fois
  • Le résultat moyen est 6 sur 14
Statistiques - réponses
Par images Réponse % Correct
Simon Pierre
92%
Jean, fils de Zébédée
88%
Judas l’iscariote
86%
Paul
71%
Matthieu
65%
Jacques, fils de Zébédée
63%
Thomas
47%
André
43%
Philippe
22%
Barthélemy - Nathanaël
20%
Jude Thaddée
18%
Simon le zélote
8%
Jacques le mineur, fils d’Alphée
4%
Matthias
4%
Aucun quiz correspondant
Distribution des résultats
% des personnes avec chaque résultat
Percentile par nombre de réponses
Votre historique - résultats
Vous n’avez pas pris ce quiz